{"text_format":"3","workbook":"xlsx","n_sheets":2,"sheets":["路东","路西"],"not_rendered":{"defined_names":3},"read":"whole","date_system":"1900"}

{"sheet":"路东","index":0,"n_rows":72,"n_cols":8,"rows_kept":72,"merged":[[0,1,0,7],[71,1,71,3]]}
[null,"野徐拆迁地块苗木评估价"]
[null,"序号","项目名称","单位","数量","单价","综合修正","总价（元）"]
[null,1,"冬青树（3cm≤D＜5cm）","株",491,30,1,14730]
[null,2,"广玉兰（10cm≤D＜15cm）","株",440,230,1,101200]
[null,3,"桂花树（3cm≤D＜5cm）","株",140,80,1,11200]
[null,4,"桂花树（3cm≤D＜5cm）","株",180,80,1,14400]
[null,5,"桂花树（3cm≤D＜5cm）","株",1010,80,1,80800]
[null,6,"桂花树（3cm≤D＜5cm）","株",42,80,1,3360]
[null,7,"桂花树（3cm≤D＜5cm）","株",220,80,1,17600]
[null,8,"桂花树（3cm≤D＜5cm）","株",100,80,1,8000]
[null,9,"桂花树（3cm≤D＜5cm）","株",75,80,1,6000]
[null,10,"桂花树（5cm≤D＜10cm）","株",6,280,1,1680]
[null,11,"桂花树（D＜3cm）","株",91,5,1,455]
[null,12,"果树（桃李杏柿梨等）(3≤D＜5cm)","株",594,25,1,14850]
[null,13,"果树（桃李杏柿梨等）(3≤D＜5cm)","株",410,25,1,10250]
[null,14,"果树（桃李杏柿梨等）(3≤D＜5cm)","株",380,25,1,9500]
[null,15,"果树（桃李杏柿梨等）(3≤D＜5cm)","株",105,25,1,2625]
[null,16,"红叶石楠（5cm≤D＜10cm）","株",13,90,1,1170]
[null,17,"截头银杏（10cm≤D＜20cm）","株",1,50,1,50]
[null,18,"截头银杏（5cm≤D＜10cm）","株",5,10,1,50]
[null,19,"梨树（3cm≤D＜5cm）","株",46,25,1,1150]
[null,20,"梨树（5cm≤D＜10cm）","株",25,70,1,1750]
[null,21,"女贞（3cm≤D＜5cm）","株",414,35,1,14490]
[null,22,"枇杷树（3cm≤D＜5cm）","株",10,25,1,250]
[null,23,"枇杷树（5cm≤D＜10cm）","株",1,70,1,70]
[null,24,"葡萄树（3cm≤D＜5cm）","株",169,25,1,4225]
[null,25,"葡萄树（D＜3cm）","株",10637,5,1,53185]
[null,26,"石榴树（5cm≤D＜10cm）","株",9,70,1,630]
[null,27,"柿子树（10cm≤D＜15cm）","株",12,300,1,3600]
[null,28,"桃树（10cm≤D＜15cm）","株",8,300,1,2400]
[null,29,"桃树（10cm≤D＜15cm）","株",6,300,1,1800]
[null,30,"桃树（3cm≤D＜5cm）","株",90,25,1,2250]
[null,31,"桃树（5cm≤D＜10cm）","株",230,70,1,16100]
[null,32,"无花果（3cm≤D＜5cm）","株",2,20,1,40]
[null,33,"无花果（5cm≤D＜10cm）","株",1,60,1,60]
[null,34,"香樟树（15cm≤D＜25cm）","株",15,650,1,9750]
[null,35,"香樟树（3cm≤D＜5cm）","株",158,30,1,4740]
[null,36,"香樟树（5cm≤D＜10cm）","株",15,150,1,2250]
[null,37,"香樟树（D≥25cm）","株",1,1300,1,1300]
[null,38,"小叶黄杨（3cm≤D＜5cm）","株",163,35,1,5705]
[null,39,"一般树木(10≤D＜15cm)","株",23,30,1,690]
[null,40,"一般树木(10≤D＜15cm)","株",10,30,1,300]
[null,41,"一般树木(10≤D＜15cm)","株",1,30,1,30]
[null,42,"一般树木(10≤D＜15cm)","株",24,30,1,720]
[null,43,"一般树木(15≤D＜20cm)","株",20,60,1,1200]
[null,44,"一般树木(5≤D＜10cm)","株",10,10,1,100]
[null,45,"一般树木(5≤D＜10cm)","株",6,10,1,60]
[null,46,"一般树木(5≤D＜10cm)","株",68,10,1,680]
[null,47,"一般树木(5≤D＜10cm)","株",9,10,1,90]
[null,48,"一般树木(5≤D＜10cm)","株",35,10,1,350]
[null,49,"银杏树(D＜5cm)","株",6,2,1,12]
[null,50,"银杏树(D=10cm)","株",1,200,1,200]
[null,51,"银杏树(D=11cm)","株",1,220,1,220]
[null,52,"银杏树(D=12cm)","株",1,240,1,240]
[null,53,"银杏树(D=13cm)","株",1,260,1,260]
[null,54,"银杏树(D=13cm)","株",13,260,1,3380]
[null,55,"银杏树(D=13cm)","株",1,260,1,260]
[null,56,"银杏树(D=14cm)","株",1,280,1,280]
[null,57,"银杏树(D=19cm)","株",1,380,1,380]
[null,58,"银杏树(D=20cm)","株",2,800,1,1600]
[null,59,"银杏树(D=21cm)","株",1,840,1,840]
[null,60,"银杏树(D=21cm)","株",1,840,1,840]
[null,61,"银杏树(D=21cm)","株",1,840,1,840]
[null,62,"银杏树(D=24cm)","株",1,960,1,960]
[null,63,"银杏树(D=25cm)","株",1,1000,1,1000]
[null,64,"银杏树(D=28cm)","株",1,1120,1,1120]
[null,65,"银杏树(D=29cm)","株",1,1160,1,1160]
[null,66,"银杏树(D=34cm)","株",1,3060,1,3060]
[null,67,"银杏树(D=36cm)","株",1,3240,1,3240]
[null,68,"紫薇树（10cm≤D＜15cm）","株",29,240,1,6960]
[null,69,"紫薇树（3cm≤D＜5cm）","株",760,40,1,30400]
[null,"合计：",{"$nulls":5},436623.3]

{"sheet":"路西","index":1,"n_rows":234,"n_cols":8,"rows_kept":234,"merged":[[233,1,233,3]]}
["幢号","序号","项目名称","单位","数量","单价","总价（元）","备注"]
[null,1,"白杨（15cm≤D＜20cm）","株",9,300,2700]
[null,2,"柏树（10cm≤D＜15cm）","株",61,230,14030]
[null,3,"柏树（5cm≤D＜10cm）","株",2,90,180]
[null,4,"柏树（5cm≤D＜10cm）","株",1,90,90]
[null,5,"柏树（5cm≤D＜10cm）","株",30,90,2700]
[null,6,"观赏树木（10cm≤D＜15cm）","株",15,230,3450]
[null,7,"观赏树木（10cm≤D＜15cm）","株",7,230,1610]
[null,8,"观赏树木（3cm≤D＜5cm）","株",34,35,1190]
[null,9,"观赏树木（3cm≤D＜5cm）","株",33,35,1155]
[null,10,"观赏树木（3cm≤D＜5cm）","株",1,35,35]
[null,11,"观赏树木（3cm≤D＜5cm）","株",2,35,70]
[null,12,"观赏树木（3cm≤D＜5cm）","株",7,35,245]
[null,13,"观赏树木（3cm≤D＜5cm）","株",144,35,5040]
[null,14,"观赏树木（3cm≤D＜5cm）","株",2,35,70]
[null,15,"观赏树木（3cm≤D＜5cm）","株",2,35,70]
[null,16,"观赏树木（3cm≤D＜5cm）","株",30,35,1050]
[null,17,"观赏树木（3cm≤D＜5cm）","株",116,35,4060]
[null,18,"观赏树木（5cm≤D＜10cm）","株",60,85,5100]
[null,19,"观赏树木（5cm≤D＜10cm）","株",29,85,2465]
[null,20,"观赏树木（5cm≤D＜10cm）","株",15,85,1275]
[null,21,"观赏树木（5cm≤D＜10cm）","株",14,85,1190]
[null,22,"观赏树木（5cm≤D＜10cm）","株",5,85,425]
[null,23,"观赏树木（5cm≤D＜10cm）","株",1,85,85]
[null,24,"观赏树木（5cm≤D＜10cm）","株",3,85,255]
[null,25,"观赏树木（5cm≤D＜10cm）","株",96,85,8160]
[null,26,"观赏树木（5cm≤D＜10cm）","株",33,85,2805]
[null,27,"观赏树木（5cm≤D＜10cm）","株",40,85,3400]
[null,28,"观赏树木（5cm≤D＜10cm）","株",70,85,5950]
[null,29,"观赏树木（5cm≤D＜10cm）","株",10,85,850]
[null,30,"观赏树木（5cm≤D＜10cm）","株",16,85,1360]
[null,31,"观赏树木（D＜3cm）","株",94,5,470]
[null,32,"观赏树木（D＜3cm）","株",5,5,25]
[null,33,"观赏树木（D＜3cm）","株",200,5,1000]
[null,34,"广玉兰（10cm≤D＜15cm）","株",11,230,2530]
[null,35,"广玉兰（10cm≤D＜15cm）","株",1,230,230]
[null,36,"广玉兰（10cm≤D＜15cm）","株",25,230,5750]
[null,37,"广玉兰（10cm≤D＜15cm）","株",35,230,8050]
[null,38,"广玉兰（10cm≤D＜15cm）","株",66,230,15180]
[null,39,"广玉兰（3cm≤D＜5cm）","株",5,30,150]
[null,40,"广玉兰（3cm≤D＜5cm）","株",208,30,6240]
[null,41,"广玉兰（3cm≤D＜5cm）","株",10,30,300]
[null,42,"广玉兰（3cm≤D＜5cm）","株",12,30,360]
[null,43,"广玉兰（3cm≤D＜5cm）","株",75,30,2250]
[null,44,"广玉兰（3cm≤D＜5cm）","株",96,30,2880]
[null,45,"广玉兰（3cm≤D＜5cm）","株",22,30,660]
[null,46,"广玉兰（3cm≤D＜5cm）","株",3,30,90]
[null,47,"广玉兰（5cm≤D＜10cm）","株",5,90,450]
[null,48,"广玉兰（5cm≤D＜10cm）","株",111,90,9990]
[null,49,"广玉兰（5cm≤D＜10cm）","株",28,90,2520]
[null,50,"广玉兰（5cm≤D＜10cm）","株",34,90,3060]
[null,51,"广玉兰（5cm≤D＜10cm）","株",260,90,23400]
[null,52,"广玉兰（5cm≤D＜10cm）","株",30,90,2700]
[null,53,"广玉兰（5cm≤D＜10cm）","株",125,90,11250]
[null,54,"广玉兰（5cm≤D＜10cm）","株",65,90,5850]
[null,55,"广玉兰（D＜3cm）","株",2,5,10]
[null,56,"广玉兰（D＜3cm）","株",20,5,100]
[null,57,"桂花树（10cm≤D＜15cm）","株",2,650,1300]
[null,58,"桂花树（15cm≤D＜25cm）","株",1,1350,1350]
[null,59,"桂花树（3cm≤D＜5cm）","株",10,80,800]
[null,60,"桂花树（3cm≤D＜5cm）","株",21,80,1680]
[null,61,"桂花树（5cm≤D＜10cm）","株",1,280,280]
[null,62,"桂花树（5cm≤D＜10cm）","株",10,280,2800]
[null,63,"桂花树（5cm≤D＜10cm）","株",1,280,280]
[null,64,"桂花树（5cm≤D＜10cm）","株",40,280,11200]
[null,65,"桂花树（5cm≤D＜10cm）","株",22,280,6160]
[null,66,"桂花树（5cm≤D＜10cm）","株",69,280,19320]
[null,67,"桂花树（D＜3cm）","株",10,5,50]
[null,68,"桂花树（D＜3cm）","株",18,5,90]
[null,69,"桂花树（D＜3cm）","株",3,5,15]
[null,70,"桂花树（D＜3cm）","株",12,5,60]
[null,71,"桂花树（D＜3cm）","株",10,5,50]
[null,72,"桂花树（D＜3cm）","株",72,5,360]
[null,73,"果树（桃李杏柿梨等）(3≤D＜5cm)","株",1,25,25]
[null,74,"果树（桃李杏柿梨等）(5≤D＜10cm)","株",4,70,280]
[null,75,"红叶石楠（3cm≤D＜5cm）","株",28,30,840]
[null,76,"红叶石楠（3cm≤D＜5cm）","株",2,30,60]
[null,77,"红叶石楠（3cm≤D＜5cm）","株",2,30,60]
[null,78,"红叶石楠（5cm≤D＜10cm）","株",15,90,1350]
[null,79,"红叶石楠（5cm≤D＜10cm）","株",34,90,3060]
[null,80,"红叶石楠（5cm≤D＜10cm）","株",42,90,3780]
[null,81,"红叶石楠（D＜3cm）","株",15,5,75]
[null,82,"截头银杏（10cm≤D＜20cm）","株",15,50,750]
[null,83,"截头银杏（10cm≤D＜20cm）","株",25,50,1250]
[null,84,"截头银杏（10cm≤D＜20cm）","株",9,50,450]
[null,85,"截头银杏（10cm≤D＜20cm）","株",21,50,1050]
[null,86,"截头银杏（10cm≤D＜20cm）","株",31,50,1550]
[null,87,"截头银杏（10cm≤D＜20cm）","株",7,50,350]
[null,88,"截头银杏（10cm≤D＜20cm）","株",10,50,500]
[null,89,"截头银杏（20cm≤D＜30cm）","株",40,150,6000]
[null,90,"截头银杏（20cm≤D＜30cm）","株",5,150,750]
[null,91,"截头银杏（20cm≤D＜30cm）","株",10,150,1500]
[null,92,"截头银杏（5cm≤D＜10cm）","株",10,10,100]
[null,93,"桔子树（3cm≤D＜5cm）","株",58,25,1450]
[null,94,"梨树（5cm≤D＜10cm）","株",78,70,5460]
[null,95,"梨树（5cm≤D＜10cm）","株",1,70,70]
[null,96,"女贞（10cm≤D＜15cm）","株",14,230,3220]
[null,97,"女贞（10cm≤D＜15cm）","株",19,230,4370]
[null,98,"女贞（10cm≤D＜15cm）","株",3,230,690]
[null,99,"女贞（10cm≤D＜15cm）","株",10,230,2300]
[null,100,"女贞（10cm≤D＜15cm）","株",8,230,1840]
[null,101,"女贞（15cm≤D＜25cm）","株",1,480,480]
[null,102,"女贞（15cm≤D＜25cm）","株",28,480,13440]
[null,103,"女贞（15cm≤D＜25cm）","株",14,480,6720]
[null,104,"女贞（3cm≤D＜5cm）","株",84,35,2940]
[null,105,"女贞（3cm≤D＜5cm）","株",5,35,175]
[null,106,"女贞（5cm≤D＜10cm）","株",24,85,2040]
[null,107,"女贞（5cm≤D＜10cm）","株",42,85,3570]
[null,108,"女贞（5cm≤D＜10cm）","株",2,85,170]
[null,109,"女贞（5cm≤D＜10cm）","株",1,85,85]
[null,110,"女贞（5cm≤D＜10cm）","株",4,85,340]
[null,111,"枇杷树（3cm≤D＜5cm）","株",14,25,350]
[null,112,"枇杷树（3cm≤D＜5cm）","株",14,25,350]
[null,113,"枇杷树（D＜3cm）","株",2,5,10]
[null,114,"枇杷树（D＜3cm）","株",4,5,20]
[null,115,"苹果树（5cm≤D＜10cm）","株",12,70,840]
[null,116,"苹果树（5cm≤D＜10cm）","株",9,70,630]
[null,117,"葡萄树（3cm≤D＜5cm）","株",1,25,25]
[null,118,"葡萄树（3cm≤D＜5cm）","株",15,25,375]
[null,119,"葡萄树（3cm≤D＜5cm）","株",52,25,1300]
[null,120,"葡萄树（5cm≤D＜10cm）","株",64,70,4480]
[null,121,"葡萄树（D＜3cm）","株",34,5,170]
[null,122,"葡萄树（D＜3cm）","株",25,5,125]
[null,123,"柿子树（3cm≤D＜5cm）","株",15,25,375]
[null,124,"柿子树（5cm≤D＜10cm）","株",10,70,700]
[null,125,"桃树（10cm≤D＜15cm）","株",1,300,300]
[null,126,"桃树（3cm≤D＜5cm）","株",2,25,50]
[null,127,"桃树（5cm≤D＜10cm）","株",1,70,70]
[null,128,"无花果（5cm≤D＜10cm）","株",13,60,780]
[null,129,"香樟树（10cm≤D＜15cm）","株",8,350,2800]
[null,130,"香樟树（10cm≤D＜15cm）","株",6,350,2100]
[null,131,"香樟树（10cm≤D＜15cm）","株",21,350,7350]
[null,132,"香樟树（15cm≤D＜25cm）","株",1,650,650]
[null,133,"香樟树（15cm≤D＜25cm）","株",3,650,1950]
[null,134,"香樟树（15cm≤D＜25cm）","株",1,650,650]
[null,135,"香樟树（3cm≤D＜5cm）","株",1,30,30]
[null,136,"香樟树（3cm≤D＜5cm）","株",82,30,2460]
[null,137,"香樟树（3cm≤D＜5cm）","株",230,30,6900]
[null,138,"香樟树（5cm≤D＜10cm）","株",8,150,1200]
[null,139,"香樟树（5cm≤D＜10cm）","株",101,150,15150]
[null,140,"香樟树（5cm≤D＜10cm）","株",346,150,51900]
[null,141,"香樟树（D＜3cm）","株",53,5,265]
[null,142,"一般树木(10≤D＜15cm)","株",1,30,30]
[null,143,"一般树木(10≤D＜15cm)","株",4,30,120]
[null,144,"一般树木(15≤D＜20cm)","株",1,60,60]
[null,145,"一般树木(15≤D＜20cm)","株",4,60,240]
[null,146,"一般树木(15≤D＜20cm)","株",2,60,120]
[null,147,"一般树木(15≤D＜20cm)","株",4,60,240]
[null,148,"一般树木(15≤D＜20cm)","株",3,60,180]
[null,149,"一般树木(15≤D＜20cm)","株",2,60,120]
[null,150,"一般树木(D≥25cm)","株",1,120,120]
[null,151,"一般树木(D≥25cm)","株",1,120,120]
[null,152,"一般树木(D≥25cm)","株",2,120,240]
[null,153,"一般树木(D≥25cm)","株",1,120,120]
[null,154,"一般树木(D≥25cm)","株",1,120,120]
[null,155,"一般树木(D≥25cm)","株",2,120,240]
[null,156,"一般树木(D≥25cm)","株",2,120,240]
[null,157,"一般树木(D≥25cm)","株",3,120,360]
[null,158,"银杏树(5cm≤D＜10cm)","株",8,50,400]
[null,159,"银杏树(5cm≤D＜10cm)","株",2,50,100]
[null,160,"银杏树(5cm≤D＜10cm)","株",1,50,50]
[null,161,"银杏树(5cm≤D＜10cm)","株",3,50,150]
[null,162,"银杏树(5cm≤D＜10cm)","株",4,50,200]
[null,163,"银杏树(5cm≤D＜10cm)","株",10,50,500]
[null,164,"银杏树(D＜5cm)","株",1,2,2]
[null,165,"银杏树(D=10cm)","株",1,200,200]
[null,166,"银杏树(D=10cm)","株",1,200,200]
[null,167,"银杏树(D=10cm)","株",1,200,200]
[null,168,"银杏树(D=10cm)","株",22,200,4400]
[null,169,"银杏树(D=10cm)","株",5,200,1000]
[null,170,"银杏树(D=10cm)","株",1,200,200]
[null,171,"银杏树(D=11cm)","株",18,220,3960]
[null,172,"银杏树(D=12cm)","株",2,240,480]
[null,173,"银杏树(D=12cm)","株",1,240,240]
[null,174,"银杏树(D=12cm)","株",2,240,480]
[null,175,"银杏树(D=12cm)","株",1,240,240]
[null,176,"银杏树(D=12cm)","株",17,240,4080]
[null,177,"银杏树(D=12cm)","株",5,240,1200]
[null,178,"银杏树(D=12cm)","株",37,240,8880]
[null,179,"银杏树(D=12cm)","株",6,240,1440]
[null,180,"银杏树(D=12cm)","株",1,240,240]
[null,181,"银杏树(D=12cm)","株",2,240,480]
[null,182,"银杏树(D=14cm)","株",3,280,840]
[null,183,"银杏树(D=14cm)","株",8,280,2240]
[null,184,"银杏树(D=15cm)","株",5,300,1500]
[null,185,"银杏树(D=15cm)","株",15,300,4500]
[null,186,"银杏树(D=15cm)","株",6,300,1800]
[null,187,"银杏树(D=15cm)","株",13,300,3900]
[null,188,"银杏树(D=15cm)","株",1,300,300]
[null,189,"银杏树(D=15cm)","株",1,300,300]
[null,190,"银杏树(D=15cm)","株",16,300,4800]
[null,191,"银杏树(D=15cm)","株",4,300,1200]
[null,192,"银杏树(D=15cm)","株",3,300,900]
[null,193,"银杏树(D=15cm)","株",1,300,300]
[null,194,"银杏树(D=18cm)","株",3,360,1080]
[null,195,"银杏树(D=18cm)","株",4,360,1440]
[null,196,"银杏树(D=18cm)","株",1,360,360]
[null,197,"银杏树(D=18cm)","株",13,360,4680]
[null,198,"银杏树(D=18cm)","株",11,360,3960]
[null,199,"银杏树(D=18cm)","株",2,360,720]
[null,200,"银杏树(D=18cm)","株",3,360,1080]
[null,201,"银杏树(D=18cm)","株",2,360,720]
[null,202,"银杏树(D=20cm)","株",2,800,1600]
[null,203,"银杏树(D=20cm)","株",1,800,800]
[null,204,"银杏树(D=20cm)","株",2,800,1600]
[null,205,"银杏树(D=23cm)","株",1,920,920]
[null,206,"银杏树(D=25cm)","株",1,1000,1000]
[null,207,"银杏树(D=25cm)","株",1,1000,1000]
[null,208,"银杏树(D=25cm)","株",6,1000,6000]
[null,209,"银杏树(D=25cm)","株",1,1000,1000]
[null,210,"银杏树(D=25cm)","株",6,1000,6000]
[null,211,"银杏树(D=25cm)","株",1,1000,1000]
[null,212,"银杏树(D=25cm)","株",1,1000,1000]
[null,213,"银杏树(D=28cm)","株",1,1120,1120]
[null,214,"银杏树(D=28cm)","株",1,1120,1120]
[null,215,"银杏树(D=33cm)","株",1,2970,2970]
[null,216,"银杏树(D=40cm)","株",1,5600,5600]
[null,217,"樱桃树（5cm≤D＜10cm）","株",56,80,4480]
[null,218,"枣树（5cm<D<10cm)","株",20,60,1200]
[null,219,"紫薇树（10cm≤D＜15cm）","株",1,240,240]
[null,220,"紫薇树（3cm≤D＜5cm）","株",2,40,80]
[null,221,"紫薇树（3cm≤D＜5cm）","株",145,40,5800]
[null,222,"紫薇树（5cm≤D＜10cm）","株",4,90,360]
[null,223,"紫薇树（5cm≤D＜10cm）","株",24,90,2160]
[null,224,"紫薇树（5cm≤D＜10cm）","株",18,90,1620]
[null,225,"紫薇树（5cm≤D＜10cm）","株",78,90,7020]
[null,226,"紫薇树（5cm≤D＜10cm）","株",1,90,90]
[null,227,"紫薇树（5cm≤D＜10cm）","株",65,90,5850]
[null,228,"紫薇树（5cm≤D＜10cm）","株",129,90,11610]
[null,229,"紫薇树（5cm≤D＜10cm）","株",20,90,1800]
[null,230,"紫薇树（5cm≤D＜10cm）","株",10,90,900]
[null,231,"紫薇树（D＜3cm）","株",168,5,840]
[null,232,"棕榈树（15cm≤D＜25cm）","株",1,400,400]
[null,"合计：",{"$nulls":4},491077.8]